Click North American Countries By Their Path ID On A Map - Statistics

General Stats
  • This quiz has been taken 22 times
  • The average score is 18 of 23
Answers on the Map
Answers color-coded by a green-red scale on the quiz's map according to % correct below.
 
Answer Stats
Answer % Correct
ca
100%
mx
100%
cu
95%
ni
95%
tt
95%
us
95%
bz
89%
pa
89%
gt
84%
cr
79%
hn
79%
ht
79%
jm
79%
vc
74%
bb
68%
do
63%
lc
63%
ag
58%
bs
58%
kn
58%
sv
58%
gd
53%
dm
47%
No matching quizzes found
Score Distribution
Percent of People with Each Score
Percentile by Number Answered
Your Score History
You have not taken this quiz